01659aam a2200385Ia 4500001001200000003000800012006001900020007001500039008004100054010001700095020001800112020001500130040002100145035002100166050002500187245018700212260003600399300001100435490004400446500006700490504005100557533015200608650004700760650004400807650005100851655002900902700002700931700003500958700002500993710004801018710001701066830004501083856012601128999001901254ebr10146828CaPaEBRm u cr cn|||||||||960209s1995 bcc sb 001 0 eng d z 96113779  z9780774805506 z077480534X aCaPaEBRcCaPaEBR a(OCoLC)18070441414aHC117.B8bM36 1995eb00aManaging natural resources in British Columbiah[electronic resource] :bmarkets, regulations, and sustainable development /cedited by Anthony Scott, John Robinson, and David Cohen. aVancouver :bUBC Press,cc1995. a213 p.1 aSustainability and the environment ;v1 a"A project of the Sustainable Development Research Institute." aIncludes bibliographical references and index. aElectronic reproduction.bPalo Alto, Calif. :cebrary,d2009.nAvailable via World Wide Web.nAccess may be limited to ebrary affiliated libraries. 0aSustainable developmentzBritish Columbia. 0aEnvironmental policyzBritish Columbia. 0aRenewable natural resourceszBritish Columbia. 7aElectronic books.2local1 aScott, Anthony,d1923-1 aRobinson, John Bridger,d1953-1 aCohen, David,d1953-2 aSustainable Development Research Institute.2 aebrary, Inc. 0aSustainability and the environment ;v1.40uhttp://site.ebrary.com/lib/rucke/Doc?id=10146828zAn electronic book accessible through the World Wide Web; click to view c190656d190656